| 000 | 00636cam a22002293a 4500 | ||
|---|---|---|---|
| 001 | 17588 | ||
| 003 | PGUSA | ||
| 005 | 20140828083356.0 | ||
| 008 | 060123s2006||||xxu|||||s|||||000 | eng d | ||
| 040 |
_aPGUSA _beng |
||
| 042 | _adc | ||
| 050 | 4 | _aLB | |
| 100 | 1 |
_aPearson, Francis B. _q(Francis Bail), _d1853- |
|
| 245 | 1 | 4 |
_aThe Vitalized School _h[electronic resource] / _cFrancis B. Pearson |
| 260 |
_bProject Gutenberg, _c2006 |
||
| 506 | _aPublic domain in the USA. | ||
| 516 | _aElectronic text | ||
| 653 | _aTeaching | ||
| 830 | 0 |
_aProject Gutenberg _v17588 |
|
| 856 | 4 | 0 | _uhttp://www.gutenberg.org/ebooks/17588 |
| 942 | _cEB | ||
| 999 |
_c246843 _d246843 |
||